La enseñanza de las ciencias de la naturaleza

Salvato in:
Dettagli Bibliografici
Autore principale: Tirado Benedi, Domingo (Autore)
Natura: Libro
Lingua:spagnolo
Pubblicazione: Ciudad de México Fernández 1964
Edizione:3a. ed
Serie:Ensayos Pedagógicos, 24
Soggetti:
Tags: Aggiungi Tag
Nessun Tag, puoi essere il primo ad aggiungerne!!

MARC

LEADER 00000nam a2200000 a 4500
001 UCU0144
003 CL-VaPUC
008 960315e19640000MX |||||||||||||||||spa|d
082 0 4 |a 372.35  |b TIR  |2 21 
100 0 |a Tirado Benedi, Domingo  |e author  |9 355146 
245 1 3 |a La enseñanza de las ciencias de la naturaleza 
250 |a 3a. ed 
300 |a 189 p 
942 |c BK 
945 |d 19960315 00:00:00  |a paguirre 
260 |a Ciudad de México  |b Fernández  |c 1964 
650 0 |a Educación científica   |9 307484 
650 0 |a Educación básica   |9 224933 
650 0 |a Métodos de enseñanza  |9 270413 
650 0 |a Ciencias naturales  |9 260542 
583 |a last modification  |c 20170822 01:30:47  |k Rodrigo Vera 
490 0 |a Ensayos Pedagógicos, 24 
999 |c 245088  |d 245086 
952 |0 0  |1 0  |4 0  |6 372_350000000000000_TIR_1964  |7 0  |8 P  |9 259469  |a BIBEDU  |b BIBEDU  |c BIBEDU_PB  |d 2019-11-19  |i 1631683  |o 372.35 TIR 1964  |p 1631683  |r 2024-01-25  |w 2019-11-19  |y BK  |k EDU